Psicología de la publicidad (Registro nro. 9723)
[ vista simple ]
| 000 -Cabecera | |
|---|---|
| Campo de control de longitud fija | 00782nam a22003017a 4500 |
| 005 - Fecha y hora de la última transacción | |
| Campo de control | 20240402165829.0 |
| 008 - Elementos de longitud fija--Información general | |
| Campo de control de longitud fija | 170810b xxu||||| |||| 00| 0 spa d |
| 020 ## - International Standard Book Number | |
| Número Internacional Estándar del Libro (ISBN) | 9786071722690 |
| 041 ## - Idioma | |
| Código de idioma | Español |
| 082 ## - Clasificación Decimal Dewey | |
| Número de clasificación | 659.1 F337p |
| 100 ## - Entrada principal--Autor personal | |
| Nombre personal | M. Fennis, Bob |
| 100 ## - Entrada principal--Autor personal | |
| Nombre personal | Stroebe, Wolfgang |
| 9 (RLIN) | 43760 |
| 245 ## - Título propiamente dicho | |
| Título | Psicología de la publicidad |
| 260 ## - Pie de imprenta | |
| Lugar de publicación, distribución, etc. | México |
| 260 ## - Pie de imprenta | |
| Nombre del editor, distribuidor, etc. | Trillas |
| 260 ## - Pie de imprenta | |
| Fecha de publicación, distribución, etc. | 2015 |
| 300 ## - Descripción física | |
| Extensión | 400 páginas |
| 650 ## - Materia general | |
| Temática (materia general) | PUBLICIDAD |
| 650 ## - Materia general | |
| Temática (materia general) | ASPECTOS PSICOLÓGICOS |
| 650 ## - Materia general | |
| Temática (materia general) | CONSUMIDORES |
| 650 ## - Materia general | |
| Temática (materia general) | INFORMACIÓN PUBLICITARIA |
| 650 ## - Materia general | |
| Temática (materia general) | ACTITUDES DEL CONSUMIDOR |
| 650 ## - Materia general | |
| Temática (materia general) | PERSUASIÓN DEL CONSUMIDOR |
| 650 ## - Materia general | |
| Temática (materia general) | INFLUENCIA DE LA PUBLICIDAD |
| 650 ## - Materia general | |
| Temática (materia general) | COMPORTAMIENTO DE COMPRA |
| 942 ## - Punto de acceso adicional KOHA | |
| Tipo de ítem KOHA | Libro |
| Fuente del sistema de clasificación o colocación | Dewey Decimal Classification |
| Signatura completa | Código de barras | Programa Académico | Tipo de ítem |
|---|---|---|---|
| 659.1 F337p | 22480 | Dirección y Administración de Empresas | Libro |
| 659.1 F337p | 22862 | Dirección y Administración de Empresas | Libro |